000 00515nam a2200169Ia 4500
999 _c21721
_d21721
003 OSt
005 20200615120849.0
008 190216s9999||||xx |||||||||||||| ||und||
020 _a9789350841976
040 _coclc
082 _a305.56880954
_bTAB/D
100 _aTabassum, Henna
_92674
245 0 _aDalit Intellectuals And Social Change /
_cHenna Tabassum
260 _bCentrum Press,
_c2013.
_aNew Delhi:
300 _a296p
942 _cBK
_2ddc
_h305.56880954
_iTAB/D
_k305.56880954
_mTAB/D